000 00722nam a2200289Ia 4500
005 20260324121620.0
008 008 260324s9999 xx 000 0 eng d
020 _a9780429254185
037 _aEBOOK
040 _aCRL
040 _beng
040 _cCRL
041 _2eng
041 _aeng
084 _qCRL
100 _aWallace Swan
_91163193
245 0 _aGay, Lesbian, Bisexual, and Transgender Civil Rights
245 2 _bA Public Policy Agenda for Uniting a Divided America
260 _bTaylor and Francis
260 _c2014
365 _a
365 _b170
856 _uhttp://www.taylorfrancis.com/books/9780429254185
942 _cEBOOK
999 _c1755423
_d1755423